INSIDE MICROSOFT SQL SERVER 2000 (Record no. 48899)

MARC details
000 -LEADER
fixed length control field 00406pam a2200169 a 4500
020 ## - INTERNATIONAL STANDARD BOOK NUMBER
Terms of availability PB
041 ## - LANGUAGE CODE
Language code of text/sound track or separate title eng
082 ## - DEWEY DECIMAL CLASSIFICATION NUMBER
Classification number 005.7585
Item number DEL
100 ## - MAIN ENTRY--PERSONAL NAME
Personal name DELANEY K
245 ## - TITLE STATEMENT
Title INSIDE MICROSOFT SQL SERVER 2000
Medium Textual Documents
250 ## - EDITION STATEMENT
Edition statement 05-08-2003
260 ## - PUBLICATION, DISTRIBUTION, ETC.
Name of publisher, distributor, etc. WP PUBLISHER and DISTRIBUTED LTD.
300 ## - PHYSICAL DESCRIPTION
Extent XXXV/1045
Accompanying material 2 CD
500 ## - GENERAL NOTE
General note 6079
653 ## - INDEX TERM--UNCONTROLLED
Uncontrolled term PROGRAMMING LANGUAGE
930 ## - EQUIVALENCE OR CROSS-REFERENCE-UNIFORM TITLE HEADING [LOCAL, CANADA]
Uniform title 5674
Holdings
Withdrawn status Lost status Damaged status Not for loan Collection Home library Current library Shelving location Date acquired Source of acquisition Cost, normal purchase price Total Checkouts Full call number Barcode Date last seen Copy number Price effective from Koha item type
        EWP College of Engineering for Women, Pune College of Engineering for Women, Pune C-REF-3 19/04/2004 BOOK LAND 700.00   005.7585 DEL EWP-5733 24/02/2023 1 24/02/2023 Book